Statistics for Canadian Provincial/Territorial Flags

Click here to take the quiz!

General Stats

  • This quiz has been taken 804 times
  • The average score is 10 of 13

Answer Stats

Answer% Correct
Quebec
92%
Ontario
84%
British Columbia
83%
Nova Scotia
79%
Alberta
78%
Nunavut
75%
Manitoba
74%
Saskatchewan
73%
Prince Edward Island
70%
Newfoundland and Labrador
67%
Yukon
65%
New Brunswick
63%
Northwest Territories
54%

Score Distribution

Percentile by Number Answered

Percent of People with Each Score

Your Score History

You have not taken this quiz